Score 0/24 Timer 07:00
0 Plays Today
Province % Correct
Buenos Aires
96.4%
Mendoza
85.4%
Misiones
74.5%
Salta
73.7%
Jujuy
71.5%
Santa Fe
67.9%
Córdoba
66.4%
Santa Cruz
65.7%
Tierra del Fuego
62%
San Juan
61.3%
La Pampa
60.6%
Entre Ríos
60.6%
Province % Correct
Chaco
59.1%
Chubut
57.7%
Catamarca
55.5%
San Luis
53.3%
Formosa
51.1%
La Rioja
51.1%
Corrientes
50.4%
Tucumán
48.9%
Neuquén
46.7%
Santiago del Estero
46.7%
Río Negro
43.8%
Ciudad Autónoma de Buenos Aires
25.5%

You're not logged in!

Compare scores with friends on all Sporcle quizzes.
OR
Log In

Sporcle TV

Today on Sporcle TV


Watch our educational content, quiz creation guides, and fun videos on Sporcle TV.

Show Comments

Extras

Created Sep 27, 2009ReportNominate
Tags:argentina, province

Top Quizzes Today


Score Distribution

Paid Content

Your Account Isn't Verified!

In order to create a playlist on Sporcle, you need to verify the email address you used during registration. Go to your Sporcle Settings to finish the process.

Report this User

Report this user for behavior that violates our Community Guidelines.

Details: